Think AI (Record no. 13374)

MARC details
000 -LEADER
fixed length control field 00375nam a22001697a 4500
003 - CONTROL NUMBER IDENTIFIER
control field OSt
008 - FIXED-LENGTH DATA ELEMENTS--GENERAL INFORMATION
fixed length control field 250421b |||||||| |||| 00| 0 eng d
020 ## - INTERNATIONAL STANDARD BOOK NUMBER
International Standard Book Number 9789355513199
082 ## - DEWEY DECIMAL CLASSIFICATION NUMBER
Classification number 006.31 NAT
100 ## - MAIN ENTRY--PERSONAL NAME
Personal name NAIK,Swapnali Joshi
245 ## - TITLE STATEMENT
Title Think AI
250 ## - EDITION STATEMENT
Edition statement Rep 1st Ed
260 ## - PUBLICATION, DISTRIBUTION, ETC. (IMPRINT)
Place of publication, distribution, etc New Delhi
Name of publisher, distributor, etc BPB
Date of publication, distribution, etc 2024
300 ## - PHYSICAL DESCRIPTION
Extent 256
650 ## - SUBJECT ADDED ENTRY--TOPICAL TERM
Topical term or geographic name as entry element Think AI
942 ## - ADDED ENTRY ELEMENTS (KOHA)
Source of classification or shelving scheme Dewey Decimal Classification
Koha item type Text Books
Holdings
Withdrawn status Lost status Source of classification or shelving scheme Damaged status Not for loan Collection code Home library Current library Date acquired Source of acquisition Currency Cost, normal purchase price Bill Number Total Checkouts Full call number Acc. no. / Barcode Date last seen Actual Cost, discounted price Bill Date Koha item type Date last borrowed
    Dewey Decimal Classification     B.Tech(IT) PIET C-LIBRARY PIET C-LIBRARY 11/04/2025 Zaffa Books INR 799.00 ZBD0032   006.31 NAT 39330 21/04/2025 583.27 11/04/2025 Reference Books  
    Dewey Decimal Classification     B.Tech(IT) PIET C-LIBRARY PIET C-LIBRARY 11/04/2025 Zaffa Books INR 799.00 ZBD0032   006.31 NAT 39331 21/04/2025 583.27 11/04/2025 Text Books  
    Dewey Decimal Classification     B.Tech(IT) PIET C-LIBRARY PIET C-LIBRARY 11/04/2025 Zaffa Books INR 799.00 ZBD0032   006.31 NAT 39332 21/04/2025 583.27 11/04/2025 Text Books  
    Dewey Decimal Classification     B.Tech(IT) PIET C-LIBRARY PIET C-LIBRARY 11/04/2025 Zaffa Books INR 799.00 ZBD0032   006.31 NAT 39333 21/04/2025 583.27 11/04/2025 Text Books  
    Dewey Decimal Classification     B.Tech(IT) PIET C-LIBRARY PIET C-LIBRARY 11/04/2025 Zaffa Books INR 799.00 ZBD0032   006.31 NAT 39334 21/04/2025 583.27 11/04/2025 Text Books  
    Dewey Decimal Classification     B.Tech(IT) PIET C-LIBRARY PIET C-LIBRARY 11/04/2025 Zaffa Books INR 799.00 ZBD0032   006.31 NAT 39335 21/04/2025 583.27 11/04/2025 Text Books  
    Dewey Decimal Classification     B.Tech(IT) PIET C-LIBRARY PIET C-LIBRARY 11/04/2025 Zaffa Books INR 799.00 ZBD0032   006.31 NAT 39336 21/04/2025 583.27 11/04/2025 Text Books  
    Dewey Decimal Classification     B.Tech(IT) PIET C-LIBRARY PIET C-LIBRARY 11/04/2025 Zaffa Books INR 799.00 ZBD0032   006.31 NAT 39337 21/04/2025 583.27 11/04/2025 Text Books  
    Dewey Decimal Classification     B.Tech(IT) PIET C-LIBRARY PIET C-LIBRARY 11/04/2025 Zaffa Books INR 799.00 ZBD0032   006.31 NAT 39338 21/04/2025 583.27 11/04/2025 Text Books  
    Dewey Decimal Classification     B.Tech(IT) PIET C-LIBRARY PIET C-LIBRARY 11/04/2025 Zaffa Books INR 799.00 ZBD0032 1 006.31 NAT 39339 09/10/2025 583.27 11/04/2025 Text Books 29/09/2025

Design & Developed by: PIET Central Library
R70 Miles Stone Pattikalyana Samalkha Panipat 132102
mail ID :- [email protected], Phone No:- 0180-2569700 Ex.216